Destillier- und Rektifiziertechnik /

Guardado en:
Autor Principal: Kirschbaum, Emil, 1900-
Formato: Libro
Idioma:German
Publicado: Berlin : Springer-Verlag, 1969.
Edición:4., neue, erw. Aufl.
Materias:
Etiquetas: Agregar Etiqueta
Sin Etiquetas, Sea el primero en etiquetar este registro!
LEADER 00700cam a22002175a 4500
001 EIQ.libpla002147
008 780728s1969####gw#a#####b####001#0#ger#d
005 20070424184155.0
245 1 0 |a Destillier- und Rektifiziertechnik /  |c Emil Kirschbaum. 
250 |a 4., neue, erw. Aufl. 
260 |a Berlin :  |b Springer-Verlag,  |c 1969. 
300 |a xxiv, 494 p. :  |b il. ;  |c 24 cm. 
504 |a Bibliografía: p. 487-488. 
500 |a Incluye índice. 
100 1 |a Kirschbaum, Emil,  |d 1900- 
082 |a 660/.28425 
650 4 |a Procesos  |x Distilación. 
650 4 |a Processes  |x Distillation. 
010 |a  69012383  
040 |a DLC  |c NcRS  |d DLC  |d AR-BbSID 
859 |a AR-BbSID  |b BIB. PLAPIQUI  |h 660.284 25  |i K 68  |p 3039